000
00331 a2200109 4500
001
ART_2725
005
20260410161709.0
008
260409a
245
1
0
_a
Estrategia para estimular la movilidad social
100
1
_a
Germani, Gino
773
0
_t
Desarrollo económico
_g
- Vol. 1, Nº 3 (oct./dic. 1961)
_w
REV1174
999
_c
15943
_d
15943